[Event "NATO-ch 09th"]
[Site "Portsmouth"]
[Date "1998.10.08"]
[Round "5"]
[White "Horchner, Mark"]
[Black "McAleer, Jeffrey"]
[Result "1-0"]
[WhiteElo "2022"]
[BlackElo "1900"]
[PlyCount "63"]
[EventDate "1998.10.??"]
[EventType "swiss"]
[EventRounds "7"]
[EventCountry "ENG"]
[SourceTitle "EXT 2014"]
[Source "ChessBase"]
[SourceDate "2013.11.20"]
[SourceVersion "1"]
[SourceVersionDate "2013.11.20"]
[SourceQuality "1"]

1. e4 c5 2. f4 e6 3. Nf3 Nc6 4. Bb5 Nd4 5. Nxd4 cxd4 6. Be2 Nf6 7. d3 Qc7 8. Bf3 d6 9. 0-0 Be7 10. Kh1 Bd7 11. Qe2 Bc6 12. c3 dxc3 13. Nxc3 0-0 14. Be3 Rfd8 15. d4 d5 16. e5 Ne4 17. Bxe4 dxe4 18. f5 exf5 19. Rxf5 g6 20. Rff1 Qd7 21. Bg1 Rac8 22. Qe3 Qg4 23. Rf4 Qg5 24. Nxe4 Bxe4 25. Raf1 Rc4 26. Rxf7 Rc1 27. Qxe4 Rxf1 28. Rxf1 Rf8 29. Rxf8+ Bxf8 30. Qf3 Bb4 31. Qxb7 Bd2 32. a3 1-0

[Event "NATO-ch 09th"]
[Site "Portsmouth"]
[Date "1998.10.06"]
[Round "2"]
[White "Horchner, Mark"]
[Black "Brokenshire, Laurie"]
[Result "1-0"]
[WhiteElo "2022"]
[BlackElo "1800"]
[PlyCount "120"]
[EventDate "1998.10.??"]
[EventType "swiss"]
[EventRounds "7"]
[EventCountry "ENG"]
[SourceTitle "EXT 2014"]
[Source "ChessBase"]
[SourceDate "2013.11.20"]
[SourceVersion "1"]
[SourceVersionDate "2013.11.20"]
[SourceQuality "1"]

1. e4 d5 2. exd5 Qxd5 3. Nc3 Qa5 4. d4 c6 5. Nf3 Nf6 6. Bd2 Qc7 7. Bc4 Bg4 8. Qe2 e6 9. Bb3 Nbd7 10. h3 Bxf3 11. Qxf3 Bd6 12. 0-0-0 0-0-0 13. Rhe1 Nb6 14. g3 h6 15. Kb1 Kb8 16. Bc1 Ka8 17. Ne4 Nxe4 18. Qxe4 c5 19. dxc5 Bxc5 20. Qf3 Rd7 21. Bf4 Rxd1+ 22. Rxd1 Qe7 23. Qe2 Rd8 24. f3 Rxd1+ 25. Qxd1 g5 26. Bc1 Bf2 27. f4 Bxg3 28. fxg5 hxg5 29. Qh5 f6 30. Qg4 Be5 31. Bxe6 Qc5 32. c3 a6 33. Qe4 Nc8 34. Be3 Qc7 35. Qg6 Nd6 36. Qg8+ Qb8 37. Qg6 Qe8 38. Qxe8+ Nxe8 39. Kc2 Kb8 40. Kd3 Nd6 41. b3 Kc7 42. a4 Kc6 43. c4 Kc7 44. c5 Ne8 45. Kc4 Ng7 46. Bf7 Nf5 47. Bd2 Ne7 48. b4 Kc6 49. b5+ axb5+ 50. axb5+ Kc7 51. Be6 Kb8 52. Ba5 Ka8 53. Bd8 Ng6 54. Bd7 Nf4 55. Bf5 Kb8 56. Be7 Kc7 57. b6+ Kb8 58. Bd6+ Ka8 59. Bd7 Ng2 60. c6 Bxd6 1-0

[Event "NATO-ch 09th"]
[Site "Portsmouth"]
[Date "1998.10.06"]
[Round "3"]
[White "Horchner, Mark"]
[Black "Nielsen, Niels Kristian"]
[Result "0-1"]
[WhiteElo "2022"]
[BlackElo "1899"]
[PlyCount "98"]
[EventDate "1998.10.??"]
[EventType "swiss"]
[EventRounds "7"]
[EventCountry "ENG"]
[SourceTitle "EXT 2014"]
[Source "ChessBase"]
[SourceDate "2013.11.20"]
[SourceVersion "1"]
[SourceVersionDate "2013.11.20"]
[SourceQuality "1"]

1. e4 e6 2. d4 d5 3. e5 c5 4. c3 Nc6 5. Nf3 Qb6 6. Be2 Nge7 7. Na3 cxd4 8. cxd4 Nf5 9. Nc2 Be7 10. a3 Na5 11. b4 Nb3 12. Rb1 Nxc1 13. Qxc1 Bd7 14. g4 Nh4 15. Nxh4 Bxh4 16. Qe3 Rc8 17. Na1 Bb5 18. Bxb5+ Qxb5 19. Kd2 Be7 20. Rbc1 0-0 21. Rxc8 Rxc8 22. Rc1 Rc4 23. Rxc4 Qxc4 24. Nc2 Kf8 25. f4 h6 26. Qc3 Qxc3+ 27. Kxc3 Ke8 28. b5 f5 29. gxf5 exf5 30. Ne3 Bxa3 31. Nxf5 g5 32. Nxh6 gxf4 33. Ng4 Be7 34. h3 Bh4 35. Nh2 Kd7 36. Nf3 Be7 37. Kb3 Ke6 38. Kc3 Kf5 39. Kd3 a5 40. bxa6 bxa6 41. Ne1 a5 42. Nf3 a4 43. Kc3 Ke4 44. h4 Kxf3 45. h5 Ke2 46. h6 f3 47. h7 f2 48. h8Q f1Q 49. Qh2+ Qf2 0-1